000 00348nam a2200145Ia 4500
008 230312s9999||||xx |||||||||||||| ||und||
020 _a81-317-1286-3
082 _a006.654
_bCAS-D
100 _aShema;Mike
245 0 _aHacking Web Applications
260 _bPearson
_aIndia
_c2007
300 _a668
650 _aComputer
_vComputer
942 _cBK
999 _c15268
_d15268